| 000 | 00573nam a2200169 i 4500 | ||
|---|---|---|---|
| 001 | 102827 | ||
| 003 | ES-MaACL | ||
| 005 | 20230906183207.0 | ||
| 007 | t| | ||
| 008 | 140701s1879 sp ||||1| spa d | ||
| 110 | 1 |
_aEspaña. _bMinisterio de la Guerra. _93906 |
|
| 245 | 1 | 3 | _aReglamento para las cajas de recluta. |
| 260 |
_aMadrid : _b[s.n.], _c1879 ( _fImprenta y litografía del Depósito de la Guerra) |
||
| 300 |
_a15 p., [1] h. pleg. ; _c22 cm. |
||
| 650 | 4 |
_aServicio militar- _zEspaña. _9136869 |
|
| 852 |
_aES-MaACL _jT-559-F-2 _z.- Donat. Ministerio de la Guerra |
||
| 999 |
_c102827 _d102827 |
||